Desarrollo de un sistema automatizado para la administración de inventario de la empresa Telerepuestos Electrónicos

Presenta el desarrollo de un sistema automatizado para la administración de inventario para la empresa Telerepuestos Electrónicos, tiene como objetivo principal automatizar las operaciones de administración de inventarios que son realizados en la empresa. Describe que para el modelo del sistema...

Full description

Bibliographic Details
Main Authors: Tinoco Salgado, Jairo René, Hernández, Roger Geovanny, Turcios Carranza, María Gabriela
Other Authors: Tutor: Vargas Avilés, Julio Rito
Format: Tesis Section = Libro
Language:Undetermined
Spanish
Published: Managua UNI 2004
Subjects:
LEADER 01611nam a2200289Ia 4500
008 240830s9999 xx 000 0 und d
040 |a BIBLIOTECA-RUPAP Mon 025.04 T591 
041 |a spa 
082 |a Mon 025.04 T591 
100 1 |a Tinoco Salgado, Jairo René 
100 1 |b  Hernández, Roger Geovanny 
100 1 |c  Turcios Carranza, María Gabriela 
245 1 0 |a Desarrollo de un sistema automatizado para la administración de inventario de la empresa Telerepuestos Electrónicos 
260 |a Managua  |b UNI  |c 2004 
300 |a 17 p. :il. 
500 |a Contiene: anexos. 
502 |a Tesis (Ingeniero de Sistemas)- UNI, 2004. 
520 3 |a Presenta el desarrollo de un sistema automatizado para la administración de inventario para la empresa Telerepuestos Electrónicos, tiene como objetivo principal automatizar las operaciones de administración de inventarios que son realizados en la empresa. Describe que para el modelo del sistema se utilizó la metodología orientada a objetos ya que nos permitió modelar de manera eficaz todos los componentes claves dentro del funcionamiento de la organización garantizando que el sistema en desarrollo cumpla con los requisitos y necesidades de los usuarios finales. 
650 7 |a SISTEMA DE INFORMACIÓN AUTOMATIZADA - ADMINISTRACIÓN DE INVENTARIO 
650 7 |b  ESTRUCTURA ORGANIZADA - TELEREPUESTOS ELECTRÓNICOS 
650 7 |c  GESTIÓN DE RIESGO 
650 7 |d  PLANIFICACIÓN DE PROYECTOS 
650 7 |e  DESARROLLO DE SOFTWARE 
700 1 |a Tutor:  |b Vargas Avilés, Julio Rito 
942 |c BK  |2 ddc 
991 |a TESIS 
999 |c 15391